Poľnohospodárstvo na Slovensku v poslednej tretine 19. storočia

Salvato in:
Dettagli Bibliografici
Autore principale: Holec, Roman
Natura: Libro
Lingua:slovacco
Pubblicazione: Bratislava Veda 1991
Edizione:1. vyd.
Tags: Aggiungi Tag
Nessun Tag, puoi essere il primo ad aggiungerne!!

MARC

LEADER 00000nam a2200000 4500
001 c031306
005 20250606125228.6
041 0 |a slo 
044 |a SK 
245 1 0 |a Poľnohospodárstvo na Slovensku v poslednej tretine 19. storočia  |c Roman Holec 
250 |a 1. vyd. 
264 1 |a Bratislava  |b Veda  |c 1991 
300 |a 188 s. 
100 1 |a Holec, Roman